| 000 | 00545nam a2200169 i 4500 | ||
|---|---|---|---|
| 001 | 60946 | ||
| 003 | ES-MaACL | ||
| 005 | 20230906164334.0 | ||
| 007 | t| | ||
| 008 | 031107s1979 sp ||||1| spa d | ||
| 245 | 0 | 0 |
_aEstudios de Derecho Tributario / _cAlas-PumariƱo Cima, Armando de las ... [et al.]. |
| 260 |
_a[Madrid] : _bInstituto de Estudios Fiscales, _c[1979] |
||
| 300 |
_a2 v. ; _c24 cm. |
||
| 700 | 1 |
_aAlas-PumariƱo Cima, Armando de las. _919163 |
|
| 852 |
_aES-MaACL _jA-9777-8 _bR.99155 |
||
| 852 |
_aES-MaACL _jA-9779-80 _bR.99171 |
||
| 999 |
_c60946 _d60946 |
||